Rozvoj výnimočnosti a jej princípov v kontexte externej spätnej väzby modelu CAF

Model CAF - Common Assessment Framework je výsledkom spolupráce pri manažérstve kvality medzi ústrednými orgánmi štátnej správy v krajinách Európskej únie vyvinutý pod záštitou skupiny pre inováciu verejných služieb (Innovative Public Services Group – IPSG). Nástroj pre uplatňovanie zásad manažérstv...

Description complète

Enregistré dans:
Détails bibliographiques
Auteur principal: Pavel, Večeřa
Autres auteurs: Paulová, Iveta
Format: Chapitre de livre
Langue:slovaque
Sujets:
Tags: Ajouter un tag
Pas de tags, Soyez le premier à ajouter un tag!

MARC

LEADER 00000nla$a2200000$$$4500
001 0142173
005 20220321101220.9
041 0 |a slo 
044 |a SK 
245 1 0 |a Rozvoj výnimočnosti a jej princípov v kontexte externej spätnej väzby modelu CAF  |c Večeřa Pavel, Iveta Paulová 
520 |a Model CAF - Common Assessment Framework je výsledkom spolupráce pri manažérstve kvality medzi ústrednými orgánmi štátnej správy v krajinách Európskej únie vyvinutý pod záštitou skupiny pre inováciu verejných služieb (Innovative Public Services Group – IPSG). Nástroj pre uplatňovanie zásad manažérstva kvality, inšpirovaný modelom EFQM. Ciele realizácie externej spätnej väzby modelu CAF. 
610 2 0 |a správa štátna 
610 2 0 |a správa verejná 
610 2 0 |a riadenie procesné 
610 2 0 |a riadenie kvality 
610 2 0 |a model CAF 
610 2 0 |a väzba spätná 
100 1 |a Pavel, Večeřa 
700 1 |a Paulová, Iveta